Normal view
MARC view
- Joshi P & Vora A
Entry Personal Name
001 - CONTROL NUMBER
- control field: 29708
003 - CONTROL NUMBER IDENTIFIER
- control field: OSt
005 - DATE AND TIME OF LATEST TRANSACTION
- control field: 20220803173540.0
008 - FIXED-LENGTH DATA ELEMENTS
- fixed length control field: 220803|| aca||aabn | a|a d
040 ## - CATALOGING SOURCE
- Original cataloging agency: OSt
- Transcribing agency: OSt
100 ## - HEADING--PERSONAL NAME
- Personal name: Joshi P & Vora A
670 ## - SOURCE DATA FOUND
- Source citation: Work cat.: (OSt)18573: Joshi P & Vora A, Urban Design Research Institute .-9789381444061, 2014